| 000 | 00729nam a2200205 i 4500 | ||
|---|---|---|---|
| 001 | 45130 | ||
| 003 | ES-MaACL | ||
| 005 | 20231207181901.0 | ||
| 007 | t| | ||
| 008 | 030325s1951 sp ||||1| spa d | ||
| 100 | 1 |
_aCodón, José María. _939441 |
|
| 245 | 1 | 0 |
_aPsiquiatría jurídica penal y civil / _cJosé María Codón e Ignacio Láopez Saiz ; prólogo por Juan del Rosal ; epílogo por Antonio Vallejo Nágera. |
| 260 |
_aBurgos : _b[s.n., _c1951] ( _fImp. Aldecoa) |
||
| 300 |
_a604 p. ; _c26 cm. |
||
| 700 | 1 |
_aLópez Saiz, Ignacio. _973950 |
|
| 700 | 1 |
_aRosal, Juan del. _999636 |
|
| 700 | 1 |
_aVallejo Nágera, Antonio, _d1889-1960 _9112854 |
|
| 852 |
_aES-MaACL _jD-7085 _bR.21542 |
||
| 999 |
_c45130 _d45130 |
||